Countries of the World without the Letter "F" on a map - Statistics

General Stats
  • This quiz has been taken 233 times
  • The average score is 149 of 186
Answers on the Map
Answers color-coded by a green-red scale on the quiz's map according to % correct below.
 
Answer Stats
Country % Correct
Canada
95%
United States
95%
Mexico
94%
Brazil
93%
Russia
91%
United Kingdom
91%
Argentina
90%
Chile
90%
Italy
90%
Denmark
89%
China
88%
Colombia
88%
Cuba
88%
Germany
88%
Iceland
88%
India
88%
Iran
88%
Iraq
88%
Ireland
88%
Panama
88%
Peru
88%
Portugal
88%
Spain
88%
Australia
87%
Paraguay
87%
Uruguay
87%
Venezuela
87%
Bolivia
86%
Mongolia
86%
Saudi Arabia
86%
Belgium
85%
Egypt
85%
Greece
85%
Haiti
85%
Japan
85%
Morocco
85%
Netherlands
85%
North Korea
85%
Norway
85%
Pakistan
85%
Poland
85%
South Korea
85%
Sweden
85%
Switzerland
85%
Turkey
85%
United Arab Emirates
85%
Algeria
84%
Costa Rica
84%
Dominican Republic
84%
Ecuador
84%
Jamaica
84%
Niger
84%
Philippines
84%
Albania
83%
Austria
83%
Bahamas
83%
Belize
83%
Dominica
83%
Estonia
83%
Guatemala
83%
Jordan
83%
Kazakhstan
83%
Latvia
83%
New Zealand
83%
Nigeria
83%
Oman
83%
Qatar
83%
Romania
83%
Syria
83%
Thailand
83%
Ukraine
83%
Yemen
83%
Bangladesh
82%
Chad
82%
El Salvador
82%
Guyana
82%
Honduras
82%
Hungary
82%
Indonesia
82%
Israel
82%
Libya
82%
Nepal
82%
Sri Lanka
82%
Belarus
81%
Ethiopia
81%
Georgia
81%
Lithuania
81%
Madagascar
81%
Malaysia
81%
Slovenia
81%
Sudan
81%
Suriname
81%
Tunisia
81%
Turkmenistan
81%
Vietnam
81%
Azerbaijan
80%
Barbados
80%
Croatia
80%
Laos
80%
Papua New Guinea
80%
Serbia
80%
Slovakia
80%
Somalia
80%
Armenia
79%
Bosnia and Herzegovina
79%
Cambodia
79%
Czech Republic
79%
Mali
79%
Malta
79%
Nicaragua
79%
South Sudan
79%
Uzbekistan
79%
Zambia
79%
Bhutan
78%
Bulgaria
78%
Kosovo
78%
Kuwait
78%
Luxembourg
78%
Myanmar
78%
Togo
78%
Zimbabwe
78%
Cyprus
77%
Kenya
77%
Tajikistan
77%
Angola
76%
Antigua and Barbuda
76%
Ghana
76%
Guinea
76%
Lebanon
76%
Moldova
76%
Mozambique
76%
Saint Lucia
76%
Singapore
76%
Taiwan
76%
Vatican City
76%
Bahrain
75%
Gambia
75%
Kyrgyzstan
75%
Marshall Islands
75%
Montenegro
75%
Nauru
75%
North Macedonia
75%
Saint Kitts and Nevis
75%
Saint Vincent and the Grenadines
75%
Seychelles
75%
Solomon Islands
75%
Uganda
75%
Andorra
74%
Botswana
74%
Cameroon
74%
Comoros
74%
Eritrea
74%
Ivory Coast
74%
Lesotho
74%
Maldives
74%
Mauritania
74%
Namibia
74%
Rwanda
74%
Samoa
74%
Senegal
74%
Tanzania
74%
Tonga
74%
Trinidad and Tobago
74%
Vanuatu
74%
Cape Verde
73%
Liberia
73%
Brunei
72%
Equatorial Guinea
72%
Gabon
72%
Liechtenstein
72%
Malawi
72%
Palau
72%
Benin
71%
Djibouti
71%
Kiribati
71%
Monaco
71%
Tuvalu
71%
Burundi
70%
East Timor
70%
Eswatini
70%
Grenada
70%
Guinea-Bissau
70%
Mauritius
70%
San Marino
69%
São Tomé and Príncipe
67%
Sierra Leone
67%
No matching quizzes found
Score Distribution
Percent of People with Each Score
Percentile by Number Answered
Your Score History
You have not taken this quiz